The Noble QUR'AN / (Record no. 534773)
[ view plain ]
| 000 -LEADER | |
|---|---|
| fixed length control field | 00391nam a22001337a 4500 |
| 020 ## - INTERNATIONAL STANDARD BOOK NUMBER | |
| International Standard Book Number | 9960770796 |
| 082 ## - DEWEY DECIMAL CLASSIFICATION NUMBER | |
| Classification number | 297.122 |
| 100 ## - MAIN ENTRY--PERSONAL NAME | |
| Personal name | Muhammad Taqi-ud-Din Al-Hilali |
| 245 ## - TITLE STATEMENT | |
| Title | The Noble QUR'AN / |
| Statement of responsibility, etc. | Muhammad Taqi-ud-Din Al-Hilali |
| 260 ## - PUBLICATION, DISTRIBUTION, ETC. | |
| Linkage | Madinah : |
| Place of publication, distribution, etc. | International Islamic Publication. |
| 300 ## - PHYSICAL DESCRIPTION | |
| Extent | 956 p. |
| 942 ## - ADDED ENTRY ELEMENTS (KOHA) | |
| Source of classification or shelving scheme | |
| Koha item type | Book |
| Withdrawn status | Lost status | Source of classification or shelving scheme | Damaged status | Not for loan | Permanent Location | Current Location | Shelving location | Date acquired | Source of acquisition | Total Checkouts | Total Renewals | Full call number | Barcode | Date last seen | Date last checked out | Price effective from | Koha item type |
|---|---|---|---|---|---|---|---|---|---|---|---|---|---|---|---|---|---|
| Central Library (CL) | Central Library (CL) | First Floor - Islam | 06/08/2020 | Donation | 1 | 1 | 297.122 NOB | CL-D-923 | 11/19/2024 | 10/27/2023 | 06/08/2020 | Book |
